Géographie de difficulté croissante sur une carte - Statistiques

Statistiques générales
  • Ce quiz a été pris 132 818 fois
    132 708 depuis la dernière actualisation
  • Le résultat moyen est 27 sur 100
Réponses sur la Carte
Les réponses sont colorées sur une échelle allant du rouge au vert en fonction du pourcentage des utilisateurs qui les ont devinées à leur premier essai. Vous pouvez retrouver ces pourcentages ci-dessous.
 
Statistiques - réponses
% Lieux % Correct
100% Londres
98%
98% Groenland
89%
97% Moscou
89%
99% Désert du Sahara
87%
94% Brésil
85%
92% Tokyo
82%
96% Texas
81%
88% Egypte
77%
86% Corse
76%
90% Ecosse
76%
89% Péninsule coréenne
76%
93% Alpes
74%
95% Mississippi
72%
82% Pologne
68%
87% Shanghai
65%
80% Normandie
64%
84% Péninsule Arabique
64%
91% Mer Rouge
60%
81% Ankara
59%
74% Indonésie
59%
71% Varsovie
54%
77% Danube
46%
76% Hong Kong
45%
67% Buenos Aires
43%
62% Syrie
42%
56% Taïwan
41%
83% Caroline du Nord
40%
78% Tasmanie
40%
73% Beyrouth
38%
75% Kinshasa
38%
51% Guatemala
35%
54% Riga
33%
85% Lac Supérieur
32%
38% Lesotho
32%
46% Tanzanie
31%
63% Antananarivo
30%
70% Kansas
29%
57% Wallonie
29%
72% Basse Californie
28%
79% Désert de Gobi
27%
58% Lagos
23%
23% Sao Tome et Principe
23%
45% Katmandou
22%
65% Niger
22%
34% Péninsule du Québéc Labrador
22%
66% Lac Baïkal
21%
69% Golfe du Bengale
20%
55% Caucase
19%
60% Mer d'Irlande
19%
30% Tonga
19%
61% Bermudes
17%
59% Hokkaido
17%
68% Appalaches
16%
32% Kaliningrad
14%
49% Sébastopol
14%
52% Lac Titicaca
13%
44% Mer de Norvège
13%
39% Canal du Mozambique
10%
41% Lusaka
10%
47% Nil Bleu
10%
35% Carpates
9%
40% Emilie-Romagne
9%
50% Mer de Chine Orientale
9%
53% Ohio
9%
64% Uttar Pradesh
9%
48% Désert du Kalahari
8%
26% Détroit de Malacca
8%
42% Kamtchatka
8%
27% Thimphou
7%
24% Sakhaline
5%
43% Sierra Nevada
5%
37% Barranquilla
4%
29% Léna
4%
17% Funafuti
3%
33% Grand Lac des Esclaves
3%
22% La Rioja
3%
31% Mandalay
3%
36% Murray
3%
18% Cordillère australienne
2%
28% Guangdong
2%
19% Lac Ladoga
2%
20% Mer des Salomon
2%
25% Oural
2%
21% Qom
2%
13% Angeles
1%
9% Détroit de Makassar
1%
14% Ile Banks
1%
12% Lac Balkhach
1%
16% Limpopo
1%
15% Péninsule du Cap York
1%
11% Piaui
1%
10% Syr Darya
1%
7% Amhara
0%
2% Dachogouze
0%
6% Golfe d'Anadyr
0%
4% Hechuan
0%
3% Helmand
0%
1% Jinotega
0%
5% Narmada
0%
8% Pamir
0%
Aucun quiz correspondant
Distribution des résultats
% des personnes avec chaque résultat
Percentile par nombre de réponses
Votre historique - résultats
Vous n’avez pas pris ce quiz depuis la dernière actualisation